The constitutional history of England (Record no. 165826)

MARC details
000 -LEADER
campo de control de longitud fija 00891nam a2200217 i 4500
001 - NÚMERO DE CONTROL
campo de control 165826
003 - IDENTIFICADOR DE NÚMERO DE CONTROL
campo de control ES-MaACL
005 - FECHA Y HORA DE LA ÚLTIMA TRANSACCIÓN
campo de control 20230906213219.0
008 - DATOS DE LONGITUD FIJA--INFORMACIÓN GENERAL
campo de control de longitud fija 050907m18751878xxk |||| | eng d
100 1# - ENTRADA PRINCIPAL--NOMBRE DE PERSONA
Nombre de persona Stubbs, William.
9 (RLIN) 108490
245 14 - MENCIÓN DEL TÍTULO
Título The constitutional history of England
Resto del título : in its origin and development /
Mención de responsabilidad, etc. by William Stubbs.
260 ## - PUBLICACIÓN, DISTRIBUCIÓN, ETC.
Lugar de publicación, distribución, etc. Oxford :
Nombre del editor, distribuidor, etc. [s.n.],
Fecha de publicación, distribución, etc. 1875-1878 (
Fabricante Clarendon Press)
300 ## - DESCRIPCIÓN FÍSICA
Extensión 2 v. (VII, 624 p.; VIII, 653 p.) ;
Dimensiones 19 cm.
490 1# - MENCIÓN DE SERIE
Mención de serie Clarendon Press Series
505 8# - NOTA DE CONTENIDO CON FORMATO
Nota de contenido con formato Contiene: v. 2 y v. 3
596 ## - NOTA AL PIE DE IMPRENTA
NOTA AL PIE DE IMPRENTA En verso de la antep. consta: London : MacMillan and co. publishers to the University of Oxford.
651 #4 - PUNTO DE ACCESO ADICIONAL DE MATERIA--NOMBRE GEOGRÁFICO
Nombre geográfico Gran Bretaña-
Subdivisión general Historia constitucional.
9 (RLIN) 8756
830 0# - PUNTO DE ACCESO ADICIONAL DE SERIE-TÍTULO UNIFORME
Título uniforme Clarendon Press Series
9 (RLIN) 188578
852 ## - LOCALIZACIÓN
Ubicación ES-MaACL
Número de control de estantería G-12932-33
Nota libre - Enc. tela
-- - Enc. con cada v. 32 p. del catálogo editorial
Holdings
Estatus retirado Estado de pérdida Estado de daño No para préstamo Colección Biblioteca de origen Biblioteca actual Ubicación en estantería Fecha de adquisición Fuente de adquisición Total de préstamos Signatura topográfica completa Código de barras Visto por última vez Precio de reemplazo Tipo de ítem Koha
        Libros del s. XIX Biblioteca del Ateneo de Madrid Biblioteca del Ateneo de Madrid Sala Pecera Planta 3 17/01/2008     G-12932-12933 1173904 23/02/2023 23/02/2023 Libro impreso antiguo